• 首页
  • 本馆介绍
  • 公告通知
  • 最新文献
  • 馆藏检索
  • 电子资源
  • 读者导购
  • 参考咨询
  • 我的图书馆
  • 登录
  • 详细信息显示
  • 放入我的书架
  • 预约/预借图书
  • 作者相关作品
  • 分类相关作品
  • 丛书相关作品
  • 出版社相关作品

书目信息

  • 表格格式
  • 工作单格式
  • 卡片格式
题名:
中药制剂检测技术
    
 
作者: 卓菊 , 宋金玉 主编
分册:  
出版信息: 北京   中国医药科技出版社  2017.01
页数: 339页
开本: 26cm
丛书名:
单 册:
中图分类: R283
科图分类:
主题词: 中药制剂学--产品质量--质量检验--高等职业教育--教材
电子资源:
ISBN: 978-7-5067-8771-0
000 01068nam0 2200265 450
001 1010
005 20180927145059.68
010    @a978-7-5067-8771-0@dCNY52.00
100    @a20170215d2017 em y0chiy50 ea
101 0  @achi
102    @aCN@b110000
105    @aa z 000yy
200 1  @a中药制剂检测技术@9zhong yao zhi ji jian ce ji shu@f卓菊,宋金玉主编
205    @a2版
210    @a北京@c中国医药科技出版社@d2017.01
215    @a339页@c图@d26cm
300    @a“十二五”职业教育国家规划教材 全国高职高专院校药学类与食品药品类专业“十三五”规划教材
300    @a供药品制造类与药学类专业用
330    @a全书共8章,内容包括中药制剂检测的基础知识、中药制剂的仪器分析技术、鉴别技术、常规检查技术、杂质检查技术、中药制剂指纹图谱与特征图谱检测技术、含量测定技术、中药典型剂型的理化检测及其他制剂简介,以及20个实训项目、2个综合实训项目。
606 0  @a中药制剂学@x产品质量@x质量检验@x高等职业教育@j教材
690    @aR283@v5
701  0 @a卓菊@9zhuo ju@4主编
701  0 @a宋金玉@9song jin yu@4主编
801  0 @aCN@b91MARC@c20170215
905    @aMuseLib@dR283@e445=2
    
    中药制剂检测技术/卓菊,宋金玉主编.-2版.-北京:中国医药科技出版社,2017.01
    339页:图;26cm
    “十二五”职业教育国家规划教材 全国高职高专院校药学类与食品药品类专业“十三五”规划教材.-供药品制造类与药学类专业用
    
    ISBN 978-7-5067-8771-0:CNY52.00
    全书共8章,内容包括中药制剂检测的基础知识、中药制剂的仪器分析技术、鉴别技术、常规检查技术、杂质检查技术、中药制剂指纹图谱与特征图谱检测技术、含量测定技术、中药典型剂型的理化检测及其他制剂简介,以及20个实训项目、2个综合实训项目。
●
相关链接 在E读中查询图书 在五车中查询图书 在当当中查询图书 在豆瓣中查询图书


正题名:中药制剂检测技术     索取号:R283/445=2         预约/预借

序号 登录号 条形码 馆藏地/架位号 状态 备注
1 1120734   211207344   第二样本阅览室/ [索取号:R283/445=2] 在馆    
2 1120735   211207353   密集书库-生命科学系/ [索取号:R283/445=2] 在馆    
3 1120736   211207362   第三借阅区/ [索取号:R283/445=2] 在馆    
4 1120737   211207371   第三借阅区/ [索取号:R283/445=2] 在馆    
5 1120738   211207380   第三借阅区/ [索取号:R283/445=2] 在馆    
唐山师范学院图书馆 欢迎您!
大连网信软件有限公司© 版权所有